000 00462pam a2200157a 44500
008 230515b2004 xxu||||| |||| 00| 0 eng d
020 _a0-500-28032-0
041 _aENG
082 _a700.92
100 _aBAKER P
245 _a"ARCHITECTURE AND POLYPHONY : BUILDING IN THE ISLAMIC WORLD TODAY, THE AGA KHAN AWARD FOR ARCHITECTURE THE NINTH AWARD CYCLE"
250 _a0
260 _aNULL
_bTHAMES AND HUDSON LIMITED
_c2004
300 _a175
650 _aNULL
999 _c477271
_d477271